| 000 | 00484 a2200193 4500 | ||
|---|---|---|---|
| 005 | 20260127103208.0 | ||
| 008 | 260122b |||||||| |||| 00| 0 eng d | ||
| 020 |
_a9788197317460 _cRs. 2195.00 |
||
| 040 | _aMAIN | ||
| 082 |
_a581 _bS23M |
||
| 100 | _aSharma, Devendra | ||
| 245 | _aMicrobiology and plant pathology | ||
| 260 |
_bYking Books _c2024 _aJaipur |
||
| 300 | _a262 | ||
| 650 | _aPlant Pathology | ||
| 650 | _aPhytopathology | ||
| 650 | _aMicrobiology | ||
| 942 | _cBK | ||
| 999 |
_c395831 _d395831 |
||